Adjumenta oratoris sacri seu divisiones, sententiae et documenta: de iss ae vitae veritatibus et oficiis quae frequentius e sacro pulpito proponenda sunt
Saved in:
| Hovedforfatter: | |
|---|---|
| Format: | Bog |
| Sprog: | spansk |
| Udgivet: |
Bruselas
Societe Belge de Librairie
1899
|
| Udgivelse: | 14a. ed |
| Fag: | |
| Tags: |
Tilføj Tag
Ingen Tags, Vær først til at tagge denne postø!
|
MARC
| LEADER | 00000cam a2200000 a 4500 | ||
|---|---|---|---|
| 001 | UCE9897 | ||
| 003 | CL-VaPUC | ||
| 008 | 151106e18990000be |||||||||||||||||spa|d | ||
| 082 | 0 | 4 | |a 291.43 |b SCH |2 21 |
| 100 | 0 | |a Schouppe, Francisci Xaverii |e author |9 582867 | |
| 245 | 1 | 0 | |a Adjumenta oratoris sacri seu divisiones, sententiae et documenta: de iss ae vitae veritatibus et oficiis quae frequentius e sacro pulpito proponenda sunt |
| 250 | |a 14a. ed | ||
| 300 | |a 600 p | ||
| 942 | |c BK | ||
| 945 | |d 20151106 14:16:00 |a gsalatino | ||
| 260 | |a Bruselas |b Societe Belge de Librairie |c 1899 | ||
| 650 | 0 | |a Oratoria |9 307605 | |
| 650 | 7 | |a SERMONES |2 CL-VaPUC |9 317687 | |
| 583 | |a last modification |c 20151106 14:16:00 |k Rodrigo Vera | ||
| 999 | |c 361540 |d 361538 | ||
| 952 | |0 0 |1 0 |3 erd |4 0 |6 291_430000000000000_SCH_1899 |7 0 |8 P |9 472123 |a BIBTEO |b BIBTES |c TEO_FTES |i 5209218 |o 291.43 SCH 1899 |p 5209218 |r 2024-01-18 |w 2019-11-24 |y BK |z Catalogado en:20151106 |k ICR | ||